Tractats constitutius de les comunitats europees : Tractats que revisen aquest tractacts /
Guardado en:
| Autor Corporativo: | |
|---|---|
| Formato: | Libro |
| Idioma: | Spanish |
| Publicado: |
Barcelona :
Publicaions de l'Abadia de Montserrat,
1986
|
| Materias: | |
| Etiquetas: |
Agregar Etiqueta
Sin Etiquetas, Sea el primero en etiquetar este registro!
|
| LEADER | 00597nam a22001575a 4500 | ||
|---|---|---|---|
| 001 | DER.der002226 | ||
| 005 | 20061002000000.0 | ||
| 008 | 180615s1986####||||||||||||||||||||spa|| | ||
| 020 | |a 84-7202-808-9 | ||
| 245 | 1 | 0 | |a Tractats constitutius de les comunitats europees : |b Tractats que revisen aquest tractacts / |c Patronat català pro europa |
| 260 | |a Barcelona : |b Publicaions de l'Abadia de Montserrat, |c 1986 | ||
| 300 | 0 | |a 560 p. | |
| 653 | |a TRATADOS | ||
| 653 | |a COMUNIDADES EUROPEAS | ||
| 710 | 1 | |a Cambra oficial de comerç, indústria i navegació de Barcelona | |
| 859 | |a DERECHO |b BIB. DERECHO |h 341 |i DEP |p 004358 | ||
